000 01504nam a2200253Ia 4500
999 _c39203
_d39203
001 5789
003 GE_BSU
005 20190617151511.0
008 181216s1974||||ge |||||||||||||| ||geo||
040 _cGE_BSU
041 _ageo
080 _a69 : 658.5(072) მ-50
245 _aმეთოდური მითითებანი მშენებლობის ორგანიზაციის საკურსო პროექტის დამუშავებისათვის /
_cშემდგ. : შ. სირაძე, ჟ. კომპანიონი, ქ. გოლაშვილი ; რედ. ე. კირვალიძე.
264 _aთბილისი :
_bსპი,
_c1974.
300 _a48 გვ.;
_c20 სმ.
504 _aბიბლიოგრ. : გვ.47.
653 _aმეთოდური მითითებანი მშენებლობის ორგანიზაციის საკურსო პროექტის დამუშავებისათვის
653 _aმშენებლობის ორგანიზაცია
700 _aსირაძე, შ.
_eშემდგენელი
_9839
700 _aკომპანიონი, ჟ.
_eშემდგენელი
_92494
700 _aგოლაშვილი, ქ.
_eშემდგენელი
_92524
700 _aკირვალიძე, ე.
_eრედაქტორი
_92525
942 _cBK
_2udc